Znajdź państwo przestawiając litery w tym słowie - Statystyki

Ogólne statystyki
  • Ten quiz został rozwiązany 55 razy
    44 od ostatniego zresetowania
  • Średni wynik to 15 z 20
Statystyki odpowiedzi
Słowo Państwo % Poprawnych
Łatwo Łotwa
92%
Alibi Libia
90%
Latam Malta
90%
Ikra Irak
87%
Rani Iran
87%
Mila Mali
87%
Ukarani Ukraina
87%
Palne Nepal
85%
Liche Chile
82%
Kanie Kenia
82%
Sławione Słowenia
82%
Sola Laos
77%
Odmawiał Mołdawia
77%
Nogat Tonga
74%
Komora Maroko
72%
Tarka Katar
67%
Cenimy Niemcy
64%
Bagno Gabon
59%
Igranie Nigeria
38%
Ostanie Estonia
28%
Nie znaleziono quizów pasujących do podanych kryteriów
Rozkład punktacji
Procent ludzi z każdym wynikiem
Percentyl według liczby udzielonych odpowiedzi
Twoja historia wyników
Nie rozwiązałeś tego quizu od ostatniego zresetowania